000 01193nam a2200265 a 4500
001 13187
003 BD-JhCC
005 20230720091926.0
008 230720s 2019bg |||| |||| 000 0 eng d
035 _a(BD-JhCC)13187
040 _aBD-JhCC
_dBD-JhCC
041 _aben
082 _a297.18
_bSAR 2019
100 _aসারওয়ার, মাওলানা মুহাম্মাদ ওয়াইস
245 _aহযরত আব্দুল্লাহ ইবনে মাসউদ রা. -এর ১০০ ঘটনা /
_cমাওলানা মুহাম্মাদ ওয়াইস সারওয়ার ; মুফতি আমিনুল ইসলাম (অনু.)
260 _aঢাকা :
_bআনোয়ারা লাইব্রেরি,
_c২০১৮
300 _a৯৬ পৃ. :
_c২১ সেমি.
490 _aশতো ঘটনা সিরিজ-০৯
504 _aগ্রন্থপঞ্জি সংযোজিত।
600 _aHazrat Abdullah Ibn Masud Ra.
650 _aMuslim legend
650 _ajuvenile literature
700 _aইসলাম, মুফতি আমিনুল
942 _2ddc
_cBK
999 _c13187
_d13187